000 00787cas a22002055a 4500
001 L139807
008 070809d19061935xxkar p 0 a0eng u
035 _a(Sirsi) u139807
041 0 _aeng
110 2 _aChartered Surveyors' Institution
_bIrish Branch
_95313
245 0 0 _aReport of the Outgoing Committee and Statement of Accounts...
260 _aDublin
_bChartered Surveyors' Institution, Irish Branch
_c[190?]-
362 0 _a1906-1931, 1935
520 _aPrior to 1930, the name of the organisation is The Surveyors' Institution: Irish Branch.
554 _aOne per year
651 4 _aIreland (Republic of)
_y
690 _aENVIRONMENTAL AND LAND CONSULTANCY
780 0 0 _tLocal Regulations of the Irish Land Agents' Committee of the Surveyors' Institution...
942 _n0
999 _c119130
_d119130